Szczegóły MARC21

Wujaszek Snep i inni przyjaciele /

003 -Nazwa inst., której nr kontr. jest w polu 001 [,]
    • @
    • Nazwa instytucji, której n kontrolny jest w polu 001
    • NUKAT
005 -DATA I CZAS OSTATNIEJ MODYFIKACJI [,]
    • @
    • pole kontrolne
    • 20241231105924.0
020 -Międzynarod. znormalizowany nr książki - ISBN [ , ]
    • a
    • Numer ISBN
    • 8386710373 Find
040 -Instytucja sporządzająca opis [ , ]
    • a
    • Instytucja, która sporządziła opis (NP)
    • WR O/IS
    • c
    • Instytucja, która sporządziła rekord (NP)
    • WR O/ISs
    • d
    • Instytucja, która zmodyfikowała rekord (P)
    • WR O/PC
942 -Rodzaj dokumentu [ , ]
    • c
    • Rodzaj dokumentu
    • Książka
100 -Hasło główne - nazwa osobowa [1, ]
    • a
    • Nazwa osobowa (NP)
    • Dowgielewicz, Irena
    • d
    • Daty biograficzne (NP)
    • (1917-1987).
    • 9
    • KHW
    • 618510
245 -Strefa tytułu i oznaczenia odpowiedzialności [1,0]
    • a
    • Tytuł
    • Wujaszek Snep i inni przyjaciele / Find
    • c
    • Pozostałe elementy strefy tytułu i oznaczenia odpowiedzialności (NP)
    • Irena Dowgielewicz ; [wybór i red. Anna Makowska-Cieleń ; graf. Dariusz Sapkowski].
260 -Strefa adresu wydawniczego [ , ]
    • a
    • Miejsce wydania (P)
    • Gorzów Wlkp. :
    • b
    • Nazwa wydawcy (P)
    • Wojewódzki Ośrodek Metodyczny,
    • c
    • Data wydania (P)
    • 1999.
300 -Strefa opisu fizycznego [ , ]
    • a
    • Określenie formy książki i/lub objętość (NP)
    • 63, [1] s. :
    • b
    • Oznaczenie ilustracji (NP)
    • il. ;
    • c
    • Format (NP)
    • 25 cm.
336 -Typ zawartości [ , ]
    • a
    • Termin opisujący typ zawartości
    • Tekst
    • b
    • Kod określający zawartość
    • txt
    • 2
    • Źródło (terminu i kodu)
    • rdacontent
337 -Typ mediów [ , ]
    • a
    • Tryb odtwarzania
    • Bez urządzenia pośredniczącego
    • b
    • Kod typu mediów
    • n
    • 2
    • Źródło (terminu i kodu)
    • rdamedia
338 -Typ/rodzaj nośnika [ , ]
    • a
    • Hasło opisujące typ nośnika
    • Wolumin
    • b
    • Kod typu nośnika
    • nc
    • 2
    • Źródło (terminu i kodu)
    • rdacarrier
504 -Uwaga dot. bibliogr. załącznikowej [ , ]
    • a
    • Uwaga dot. bibliografii załącznikowej
    • Bibliogr. twórczości aut. s. 63-[64].
080 -Uniwersalna Klasyfikacja Dziesiętna [ , ]
    • a
    • Symbol klasyfikacji
    • 884-93
650 -Hasło przedmiotowe [ ,7]
    • a
    • Hasło przedmiotowe
    • Zwierzęta
    • v
    • Określnik formalny
    • nowele.
    • 2
    • Źródło terminu
    • kaba
    • 9
    • KHW
    • 390223
655 -Hasło w funkcji tematu formalnego [ ,7]
    • a
    • Hasło
    • Nowele polskie
    • y
    • Określnik chronologiczny
    • 1945-1990.
    • 2
    • Źródło terminu
    • kaba
    • 9
    • KHW
    • 365877
655 -Hasło w funkcji tematu formalnego [ ,7]
    • a
    • Hasło
    • Literatura polska dla młodzieży
    • y
    • Określnik chronologiczny
    • 1945-1990.
    • 2
    • Źródło terminu
    • kaba
    • 9
    • KHW
    • 360718
980 -Symbol UKD [ , ]
    • a
    • UKD
    • 884-93
700 -Hasło dodatkowe - nazwa osobowa [1, ]
    • a
    • Nazwa osobowa (NP)
    • Makowska-Cieleń, Anna Find
    • d
    • Daty biograficzne (NP)
    • (19..-2016).
    • e
    • Określenie rodzaju współpracy
    • Wybór
    • 9
    • KHW
    • 618512
700 -Hasło dodatkowe - nazwa osobowa [1, ]
    • a
    • Nazwa osobowa (NP)
    • Sapkowski, Dariusz. Find
    • e
    • Określenie rodzaju współpracy
    • Il.
    • 9
    • KHW
    • 618511
920 -ISBN [ , ]
    • a
    • ISBN
    • 83-86710-37-3 Find
Data inwentaryzacji Lokalizacja Status udost. Numer inwentarzowy
2002-11-27BG1JK.257